| 000 | 01132nam a22002777a 4500 | ||
|---|---|---|---|
| 005 | 20121220113836.0 | ||
| 008 | 121220t xxu||||| |||| 00| 0 eng d | ||
| 010 | _aENG-106519 | ||
| 020 |
_a97881212511543 _c1050.00 |
||
| 035 | _aEN-90052 | ||
| 037 | _bDBAD/PUB | ||
| 040 |
_aDPL _bEng |
||
| 082 | _a331.0954 | ||
| 100 | 1 |
_aBhagat, R. B. _954466 _d1960- _q(Ram Babu), |
|
| 245 | 1 | 0 |
_aLevels, trends and structure of workforce in India : _cby R.B. Bhagat [and] K.C. Das _ba census based study / |
| 260 |
_aNew Delhi _bGyan Publishing House _c2013 |
||
| 270 |
_a23, Main Ansari Road, Daryaganj _bNew Delhi _e110002 |
||
| 300 |
_a356p. _bill.,maps _c22cm(Hb) |
||
| 500 | _aIncludes bibliographical references (p. [351]-352) and index. | ||
| 650 |
_aLabor supply _z India. _954471 |
||
| 650 |
_aLabor market _zIndia. _954472 |
||
| 700 |
_aDas, K. C. _954473 |
||
| 942 |
_2ddc _cEN _h331.0954 _mBHA |
||
| 999 |
_c72340 _d72340 |
||